La dama selvage : (Record no. 48316)

MARC details
000 -LEADER
campo de control de longitud fija 00668nam a2200193 i 4500
001 - NÚMERO DE CONTROL
campo de control 48316
003 - IDENTIFICADOR DE NÚMERO DE CONTROL
campo de control ES-MaACL
005 - FECHA Y HORA DE LA ÚLTIMA TRANSACCIÓN
campo de control 20230906161731.0
007 - CAMPO FIJO DE DESCRIPCIÓN FÍSICA--INFORMACIÓN GENERAL
campo de control de longitud fija t|
008 - DATOS DE LONGITUD FIJA--INFORMACIÓN GENERAL
campo de control de longitud fija 030725s1828 sp ||||1| spa d
100 1# - ENTRADA PRINCIPAL--NOMBRE DE PERSONA
Nombre de persona Foppa, Giuseppe Maria (
Fechas asociadas al nombre 1760-1845)
9 (RLIN) 174592
245 13 - MENCIÓN DEL TÍTULO
Título La dama selvage :
Resto del título ópera semi-seria en dos actos, que se ha de representar en el Teatro de la Cruz de esta Corte /
Mención de responsabilidad, etc. [Giuseppe Maria Foppa].
260 ## - PUBLICACIÓN, DISTRIBUCIÓN, ETC.
Lugar de publicación, distribución, etc. Madrid :
Nombre del editor, distribuidor, etc. [s.n.],
Fecha de publicación, distribución, etc. 1828 (
Fabricante Imp. de I. Sancha)
300 ## - DESCRIPCIÓN FÍSICA
Extensión 87 p. ;
Dimensiones 15 cm.
500 ## - NOTA GENERAL
Nota general Sólo la letra.
546 ## - NOTA DE IDIOMA
Nota de lengua/lenguaje Texto en italiano y español.
594 ## - Nota al título y mención de responsabilidad
Nota al título y mención de responsabilidad Encabezamiento tomado del ICCU
852 4# - LOCALIZACIÓN
Ubicación ES-MaACL
Número de control de estantería T-737-F-2
Holdings
Estatus retirado Estado de pérdida Estado de daño No para préstamo Colección Biblioteca de origen Biblioteca actual Ubicación en estantería Fecha de adquisición Fuente de adquisición Total de préstamos Signatura topográfica completa Código de barras Visto por última vez Precio de reemplazo Tipo de ítem Koha
        Colección de folletos Biblioteca del Ateneo de Madrid Biblioteca del Ateneo de Madrid Depósito folletos 17/01/2008     T-737-F-2 1050848 23/02/2023 23/02/2023 Folleto